000
00327nam a22001337a 4500
008
180809b xxu||||| |||| 00| 0 eng d
041
_a
eng
080
_a
616.053 HO.S.Y
082
_a
616.053 HO.S.Y
100
_a
7
101
_a
KAR
245
_a
Echocardiography in congenital heart disease
_c
HO.S.Y
942
_2
udc
_c
BK
999
_c
46985
_d
46985